000 00737ngm a22003010a 4500
001 UByD001362
003 AR-LpoUNG
005 20240209134151.0
008 230414s2022||||ag |||||||||||||||||spa d
020 _a9789878849041
040 _aAR-LpoUNG
_bspa
_cAR-LpoUNG
_eaacr
041 _aspa
044 _aag
082 0 _aA863 837mem
100 1 _aCostilla, Ana MarĂ­a
245 1 0 _aMemorias y ficciones
250 _a1ra. ed.
260 _aSan Miguel :
_bCaballitos de Ajedrez,
_c2022.
300 _a78 p.
650 4 _aARGENTINA
650 4 _aLITERATURA
650 4 _aBIOGRAFIA
653 _aAUTORES LOCALES
653 _aLITERATURA ARGENTINA
653 _aAUTOBIOGRAFIA
905 _a55630
942 _cLIB
_2ddc
999 _c63919
_d63919